Quyền bình đẳng trước pháp luật của công dân

Gorde:
Xehetasun bibliografikoak
Egile nagusia: Ngô Văn Thâu
Formatua: Liburua
Hizkuntza:Undetermined
Argitaratua: Hà Nội Pháp lý 1983
Gaiak:
Etiketak: Etiketa erantsi
Etiketarik gabe, Izan zaitez lehena erregistro honi etiketa jartzen!
Thư viện lưu trữ: Trung tâm Học liệu Trường Đại học Cần Thơ
LEADER 00531nam a2200169Ia 4500
001 CTU_5919
008 210402s9999 xx 000 0 und d
082 |a 342.085 
082 |b Th125 
100 |a Ngô Văn Thâu 
245 0 |a Quyền bình đẳng trước pháp luật của công dân 
245 0 |c Ngô Văn Thâu 
260 |a Hà Nội 
260 |b Pháp lý 
260 |c 1983 
650 |a civil rights,law - study and teaching - vietnam 
980 |a Trung tâm Học liệu Trường Đại học Cần Thơ